| 000 | 00000nam##2200000za#4500 |
| 001 | 9.565913 |
| 003 | CaOODSP |
| 005 | 20210624180034 |
| 007 | cr ||||||||||| |
| 008 | 150406|2002||||xxc|||||o f|0| 0 eng|d |
| 040 | |aCaOODSP|beng |
| 043 | |an-cn--- |
| 086 | 1 |aTU3-7/02-11E-PDF |
| 110 | 2 |aTransportation Safety Board of Canada. |
| 245 | 10|aCrew member lost overboard - bulk carrier Kent near Verchères, Quebec, 16 July 2002 |h[electronic resource] |
| 260 | |bTransportation Safety Board of Canada |c[2004]. |
| 300 | |a17p.|bglossary, illus., map, references, table, photographs |
| 490 | 1 |aMarine investigation report |vM02L0061 |
| 590 | |a10-05-Supp|b2010-07-20 |
| 690 | 07|aMarine accidents|2gcpds |
| 775 | 08|tChute par-dessus bord d'un membre d'équipage du vraquier Kent près de Verchères (Québec), le 16 juillet 2002 |w(CaOODSP)9.597401 |
| 830 | #0|aMarine investigation report ;|vM02L0061|w(CaOODSP)9.504867 |
| 856 | 40|ahttp://publications.gc.ca|qPDF|s1467 KB|uhttps://publications.gc.ca/collections/collection_2009/bst-tsb/TU3-7-02-11E.pdf|yM02L0061 |